Miasta na wschód od Wisły w których mieszka więcej niż 30k mieszkanców - Statystyki

Ogólne statystyki
  • Ten quiz został rozwiązany 35 razy
  • Średni wynik to 31 z 46
Statystyki odpowiedzi
Wojewodztwo Populacja Miasto % Poprawnych
Lubelskie 334 681 Lublin
100%
Podlaskie 296 401 Białystok
97%
Warmińsko-Mazurskie 170 622 Olsztyn
97%
Warmińsko-Mazurskie 117 952 Elbląg
94%
Podkarpackie 198 609 Rzeszów
94%
Lubelskie 62 785 Zamość
91%
Lubelskie 61 588 Chełm
85%
Warmińsko-Mazurskie 61 903 Ełk
85%
Podlaskie 69 575 Suwałki
85%
Podlaskie 62 573 Łomża
82%
Mazowieckie 77 645 Siedlce
82%
Małopolskie 106 748 Tarnów
82%
Śląskie 169 756 Bielsko-Biała
79%
Małopolskie 83 558 Nowy Sącz
79%
Mazowieckie 51 893 Ostrołęka
79%
Podkarpackie 59 779 Przemyśl
79%
Lubelskie 46 664 Puławy
79%
Kujawsko-Pomorskie 92 894 Grudziądz
76%
Podkarpackie 60 075 Mielec
76%
Podkarpackie 58 545 Stalowa Wola
76%
Podkarpackie 45 944 Krosno
73%
Podlaskie 30 153 Augustów
70%
Lubelskie 56 942 Biała Podlaska
70%
Pomorskie 37 898 Malbork
70%
Podkarpackie 37 113 Sanok
70%
Podkarpackie 45 089 Tarnobrzeg
70%
Mazowieckie 44 207 Otwock
64%
Podkarpackie 45 189 Dębica
61%
Podkarpackie 37 479 Jarosław
61%
Podkarpackie 34 542 Jasło
61%
Warmińsko-Mazurskie 32 714 Ostróda
61%
Warmińsko-Mazurskie 33 128 Iława
58%
Mazowieckie 40 916 Mińsk Mazowiecki
58%
Małopolskie 33 293 Nowy Targ
58%
Lubelskie 39 136 Świdnik
55%
Mazowieckie 37 138 Wołomin
55%
Mazowieckie 53 886 Legionowo
52%
Małopolskie 37 231 Oświęcim
52%
Mazowieckie 43 664 Ciechanów
48%
Mazowieckie 33 700 Mława
48%
Pomorskie 38 179 Kwidzyn
45%
Mazowieckie 39 041 Ząbki
42%
Śląskie 30 313 Żywiec
42%
Lubelskie 36 870 Kraśnik
39%
Mazowieckie 35 461 Marki
36%
Śląskie 35 631 Czechowice-Dziedzice
33%
Nie znaleziono quizów pasujących do podanych kryteriów
Rozkład punktacji
Procent ludzi z każdym wynikiem
Percentyl według liczby udzielonych odpowiedzi
Twoja historia wyników
Nie rozwiązałeś tego quizu